[Event "GER-chT U18 Girls"]
[Site "Germany"]
[Date "2011.05.13"]
[Round "3.2"]
[White "Kuehnel, Lena"]
[Black "Efinger, Leila"]
[Result "1-0"]
[WhiteElo "1863"]
[BlackElo "1069"]
[PlyCount "67"]
[EventDate "2011.05.13"]
[EventType "team-swiss"]
[EventRounds "7"]
[EventCountry "GER"]
[SourceTitle "EXT 2012"]
[Source "ChessBase"]
[SourceDate "2011.11.24"]
[SourceVersion "1"]
[SourceVersionDate "2011.11.24"]
[SourceQuality "1"]
[WhiteTeam "Stein Koenigsberg (W)"]
[BlackTeam "Gonsenheim Gymn (W)"]
[WhiteTeamCountry "GER"]
[BlackTeamCountry "GER"]

1. e4 c6 2. d4 d5 3. e5 Bf5 4. Nf3 e6 5. Be2 Ne7 6. 0-0 Ng6 7. c4 Nd7 8. Nc3 Be7 9. b3 0-0 10. h3 Qc7 11. Be3 a6 12. Rc1 b5 13. cxd5 exd5 14. Nxd5 Qb7 15. Nxe7+ Nxe7 16. Nh4 Be6 17. f4 Nf5 18. Nxf5 Bxf5 19. Bf3 Rac8 20. Qe2 Rfd8 21. Rfd1 Nb6 22. Bg4 Bxg4 23. Qxg4 Nd5 24. Bf2 h6 25. f5 f6 26. e6 Ne7 27. Bh4 Rf8 28. Rd3 Kh8 29. Rg3 Rg8 30. Qh5 Rcf8 31. Rc5 a5 32. Rg4 Re8 33. Bxf6 gxf6 34. Qxh6# 1-0